| 000 | 00716nam a2200217 i 4500 | ||
|---|---|---|---|
| 001 | 93547 | ||
| 003 | ES-MaACL | ||
| 005 | 20230906181245.0 | ||
| 007 | t| | ||
| 008 | 050413s1978 sp ||||1| spa d | ||
| 100 | 1 |
_aLoperraez Corvalán, Juan. _973287 |
|
| 245 | 1 | 0 |
_aDescripción histórica del Obispado de Osma... / _cpor Juan Loperraez Corvalán. |
| 260 |
_aMadrid : _bTurner, _c1978. |
||
| 300 |
_a3 v. con 6 lám., 7 lám. pleg. ; _c25 cm. |
||
| 500 | _aReprod. facs. de la ed. de: Madrid : Imprenta Real, 1788. | ||
| 610 | 2 | 4 |
_aOsma (Diócesis)- _vHistoria. _9157340 |
| 655 | 7 |
_2tgfbne _9226495 _aFacsímiles |
|
| 852 |
_aES-MaACL _jA-8361-63 _bR.98053 |
||
| 942 | _2udc | ||
| 999 |
_c93547 _d93547 |
||